000
00232nam a22000857a 4500
008
161026b xxu||||| |||| 00| 0 eng d
100
_9
965
_a
Dorling Kindersley
245
_a
Big Book of Knowledge
260
_a
London
_b
D.K. Publications
_c
1994
999
_c
3624
_d
3624